000 00835 a2200229 4500
001 126886
020 _a9788538019206
040 _cEscola Canadense de Niteroi
090 _aBAT
100 _aBateson, Maggie
245 1 0 _aO palácio da minha fada princesa
300 _a12 p.
_bil.
_c5 x 27,5 x 2 cm. (capa dura)
362 0 _a2012
490 0 _aPop-up princesas e fadas
520 _aBem-vindo à terra das fadas! Entre e explore o lugar mais lindo com fadas. Veja o esplendor do salão Suga-Mel, espie o quarto Campânula e dance a noite toda no maravilhoso salão rosa! O livro vem com 6 lindas salas com mobília em pop-up. São 14 princesas para brincar.
650 4 _aLivros de Abas
650 4 _aLivros Pop-Up
650 4 _aLiteratura Infantil
650 4 _aLivros Interativos
650 4 _aFadas
942 _cBK
999 _c126886
_d126886